Normal view
MARC view
- Fales, James F Kuetemeyer Vincent F
Entry Personal Name
001 - CONTROL NUMBER
- control field: 75797
003 - CONTROL NUMBER IDENTIFIER
- control field: NUST
005 - DATE AND TIME OF LATEST TRANSACTION
- control field: 20210628205508.0
008 - FIXED-LENGTH DATA ELEMENTS
- fixed length control field: 210628|| aca||aabn | a|a d
040 ## - CATALOGING SOURCE
- Original cataloging agency: NUST
- Transcribing agency: NUST
100 ## - HEADING--PERSONAL NAME
- Personal name: Fales, James F Kuetemeyer Vincent F
670 ## - SOURCE DATA FOUND
- Source citation: Work cat.: (NUST): Fales, James F Kuetemeyer Vincent F, Technology today and tommorow, 1988
